00427nam a2200169Ia 4500008004100000020001800041245001900059245003100078245005100109260001500160260001600175260000900191300001400200300002500214300001000239500000800249170705s9999 xx 000 0 und d a9780448450926 aHeroes unite : bshadow guy and gamma gal / cArie Kaplan ; illustrated by Richard Carbajal. aNew York : bScholastic, c2010 aunpaged : bcolor illustration ; c23cm. a410